000 00400nam a22000977a 4500
100 _aलक्ष्‍मीकांत,एम.
_973237
245 _aभारत की राजव्‍यवस्‍था छठवां संस्‍करण सिविल सेवा...
260 _aChennai
_bMc Graw Hill
_c2020
650 _aराजव्‍यवस्‍था
_973096
942 _cHIN
999 _c63340
_d63340